|
|
|
|
| LEADER |
00000nab a2200000 4500 |
| 001 |
vtls012251007 |
| 003 |
SK-MaSNL |
| 005 |
20260303212429.0 |
| 008 |
240221|2024 xo |||| ||an ||00 0|slo |
| 015 |
|
|
|a SNBRB2024/02
|
| 040 |
|
|
|a SPKCL
|b slo
|e rda
|
| 041 |
|
|
|a slo
|b slo
|
| 044 |
|
|
|a xo
|c SK
|
| 072 |
|
7 |
|a 371
|x Školstvo (organizácia)
|2 konspekt
|
| 080 |
|
|
|a 37.091:005.25
|2 2011
|
| 100 |
1 |
|
|a Konečná Veverková, Ingrid
|4 aut
|9 159633
|
| 245 |
1 |
0 |
|a Povinnosti škôl a školských zariadení v mzdovej oblasti :
|b ... na začiatku roka 2024
|c Konečná Veverková, Ingrid
|
| 300 |
|
|
|b Tabuľky
|
| 336 |
|
|
|a text
|b txt
|2 rdacontent
|
| 337 |
|
|
|a bez média
|b n
|2 rdamedia
|
| 338 |
|
|
|a zväzok
|b nc
|2 rdacarrier
|
| 546 |
|
|
|a Slovenské resumé
|
| 650 |
0 |
7 |
|a školstvo
|2 SNKPH
|9 19712
|
| 650 |
0 |
7 |
|a personalistika
|2 SNKPH
|9 1265
|
| 650 |
0 |
7 |
|a manažment školy
|2 SNKPH
|9 67970
|
| 650 |
0 |
7 |
|a mzdové účtovníctvo
|2 SNKPH
|9 2322
|
| 773 |
0 |
|
|t Manažment školy v praxi : odborný mesačník pre manažment škôl, školských a predškolských zariadení
|g Roč. 19, č. 2 (2024), s. 5-9
|x 1336-9849
|
| 958 |
|
|
|a NB
|
| 999 |
|
|
|c 2207344
|d 2209274
|